01529nab a2200385 a 450000100060000000300080000600500170001400600190003100700150005000800410006502200140010603500210012004000260014105000220016708000110018908200160020010000240021622200240024024501940026426001470045830000150060531000150062036200210063553301640065665000470082065000440086765000260091165000250093765000270096265500320098971000190102174000250104085600610106599900170112697597FlNmELB20241217172703.0m o d | cr cn|||||||||201001r1998 uy |||||s|||||||||||spa d a0254-2439 a(OCoLC)955419414 aFlNmELBbspacFlNmELB 4aLC1041bT646 1998 a377(8)04a370.1132221 aTokman, Víctor E. 0aBoletín CINTERFOR14aLos principios de autonomía y de asociación de las voluntades tiene sus raíces en los valores humanistas y pluralistas de este continenteh[recurso electronico] /cVíctor E. Tokman. a[Montevideo] :bCentro Interamericano de Investigación y Documentación sobre Formación Profesional (Montevideo) :bCINTERFOR/OIT,c1998. a213-218 p. aTrimestral0 aNum. 144 (1998)- aRecurso electrónico. Santa Fe, Arg.: e-libro, 2015. Disponible vía World Wide Web. El acceso puede estar limitado para las bibliotecas afiliadas a e-libro. 4aFormación profesionalzAmérica Latina. 4aEducación y empleozAmérica Latina. 4aVocational education. 4aTechnical education. 4aOccupational training. 4aArtículos electrónicos.2 ae-libro, Corp.02aBoletín CINTERFOR.40uhttps://elibro.net/ereader/politecnicointernacional/8978 c97597d97597